|
|
|
|
| LEADER |
00000nam0a2200000 4500 |
| 001 |
221087 |
| 005 |
20231101230358.0 |
| 010 |
|
|
|a 5319003722
|
| 035 |
|
|
|a (RuTPU)RU\TPU\book\241229
|
| 090 |
|
|
|a 221087
|
| 100 |
|
|
|a 20120906d1990 m y0rusy50 ca
|
| 101 |
0 |
|
|a rus
|
| 102 |
|
|
|a UA
|
| 105 |
|
|
|a a z 001zy
|
| 200 |
1 |
|
|a Франция: 200 лет без Бастилии
|f В. Г. Сироткин
|
| 210 |
|
|
|a Киев
|c Изд-во политической лит-ры Украины
|d 1990
|
| 215 |
|
|
|a 202 с.
|c ил.
|
| 320 |
|
|
|a Библиогр.: с. 197-204.
|
| 606 |
1 |
|
|a Франция
|x История
|2 stltpush
|3 (RuTPU)RU\TPU\subj\68046
|9 83584
|
| 610 |
1 |
|
|a Французская революция 1789-1799
|
| 610 |
1 |
|
|a Бастилия
|
| 610 |
1 |
|
|a политическая жизнь
|
| 610 |
1 |
|
|a общественная жизнь
|
| 610 |
1 |
|
|a социальная жизнь
|
| 610 |
1 |
|
|a СССР
|
| 686 |
|
|
|a Т3(4Фр)
|v LBC/SL-A
|2 rubbk
|
| 700 |
|
1 |
|a Сироткин
|b В. Г.
|g Владлен Георгиевич
|
| 801 |
|
1 |
|a RU
|b 63413507
|c 20120906
|
| 801 |
|
2 |
|a RU
|b 63413507
|c 20120921
|g RCR
|
| 942 |
|
|
|c BK
|